Dreaming Big : My Journey To Connect India (Record no. 342286)

MARC details
000 -LEADER
fixed length control field 00474nam a2200169Ia 4500
008 - FIXED-LENGTH DATA ELEMENTS--GENERAL INFORMATION
fixed length control field 230718s9999 xx 000 0 und d
020 ## - INTERNATIONAL STANDARD BOOK NUMBER
International Standard Book Number 9780670085675
041 ## - LANGUAGE CODE
Language code of text/sound track or separate title eng
082 ## - DEWEY DECIMAL CLASSIFICATION NUMBER
Classification number 158.1082
Item number PIT
100 ## - MAIN ENTRY--PERSONAL NAME
Personal name Pitroda S.
9 (RLIN) 199119
245 ## - TITLE STATEMENT
Title Dreaming Big : My Journey To Connect India
260 ## - PUBLICATION, DISTRIBUTION, ETC. (IMPRINT)
Date of publication, distribution, etc. 2015
Name of publisher, distributor, etc. Portfolio/Penguin
300 ## - PHYSICAL DESCRIPTION
Extent 331
365 ## - TRADE PRICE
Currency code Rs.
Price amount 699.00
700 ## - ADDED ENTRY--PERSONAL NAME
Personal name Pitroda S.
9 (RLIN) 199119
906 ## - LOCAL DATA ELEMENT F, LDF (RLIN)
d O:0516228-Jun-2016B:174121-Jun-2016
c GENRL
b 153.78
Holdings
Withdrawn status Lost status Damaged status Not for loan Home library Current library Date acquired Vendor Budget Code Cost, normal purchase price Bill number Total Checkouts Full call number Barcode Date last seen Date last checked out Discount Cost, replacement price Bill Date Koha item type Original Barcode
        Cummins College of Engineering for Women Pune Cummins College of Engineering for Women Pune 28/06/2016 Technical Book Services GENRL 545.22 1741 1 158.1082 CCEP-BK-53493 09/03/2026 23/02/2026 153.78 699.00 21/06/2016 Books 053493